Price control under fair trade legislation /

Bibliographic Details
Main Author: Grether, Ewald Theophilus, 1899-
Format: Book
Language:English
Published: New York : Oxford University Press, 1939.
Subjects:

MARC

Tag First Indicator Second Indicator Subfields
LEADER 00000cam a2200000 4500
001 in00000069144
005 20151008051404.0
008 730119s1939 nyu 00000 eng u
010 |a  39020973  
035 |a (OCoLC)00542962 
035 |9 AAG7574AM 
040 |c CSU  |d TXA  |d UtOrBLW 
049 |a TXAM  |c [168325] 
050 0 |a HF5415  |b .G67 1939 
082 0 |a 338.56973 
092 |a 338.5  |b G834p 
100 1 |a Grether, Ewald Theophilus,  |d 1899- 
245 1 0 |a Price control under fair trade legislation /  |c by Ewald T. Grether. 
264 1 |a New York :  |b Oxford University Press,  |c 1939. 
300 |a x, 517p :  |b incl.tables. ;  |c 22cm. 
336 |a text  |b txt  |2 rdacontent 
337 |a unmediated  |b n  |2 rdamedia 
338 |a volume  |b nc  |2 rdacarrier 
500 |a "The lineal descendant of the author's...Resale price maintenance in Great Britain (1935)"- Pref. 
500 |a "First edition." 
505 0 |a Introductory and legal setting.- Experience in California.- General and interpretive.- Appendix: Summary of general state laws dealing with the control of competition in price. 
650 0 |a Price maintenance  |z United States. 
650 0 |a Restraint of trade  |z United States. 
740 0 |a Fair trade legislation. 
999 |a MARS 
999 f f |s 9732ffee-303a-30e3-927a-dd44462a12fa  |i 87c13c8b-2cee-3b48-b23a-044009be6a2c  |t 0 
952 f f |p ric  |a Texas A&M University  |b Rellis Campus  |c Joint Library Facility  |s JLF  |d Remote Storage  |t 0  |e HF5415 .G67 1939  |h Library of Congress classification  |i unmediated -- volume  |m A14800767285 
998 f f |a HF5415 .G67 1939  |t 0  |l Remote Storage